| 000 | 00380nam a2200097Ia 4500 | ||
|---|---|---|---|
| 005 | 20250424112849.0 | ||
| 008 | 250424s9999 xx 000 0 und d | ||
| 300 | _avii, 376 p. :ill. ; 29 cm. | ||
| 650 | _aEnvironmental management--Nigeria--Niger Delta--Periodicals. Ecology--Nigeria--Niger Delta--Periodicals. Agriculture--Research--Nigeria--Niger delta--Periodicals. | ||
| 942 | _cSR | ||
| 999 |
_c37570 _d37570 |
||